| 000 | 00551nam a2200193 i 4500 | ||
|---|---|---|---|
| 001 | 180277 | ||
| 003 | ES-MaACL | ||
| 005 | 20230906221040.0 | ||
| 008 | 120522s1982 sp |||| | spa d | ||
| 020 | _a84-300-6569-5 | ||
| 080 | _a32(46) | ||
| 100 | 1 |
_aArchaga, Eduardo. _9150086 |
|
| 245 | 1 | 4 |
_aUna solución para España / _cEduardo Archaga. |
| 260 |
_aMadrid : _b[E. Archaga], _c[1982] |
||
| 300 |
_a46 p. ; _c19 cm. |
||
| 500 | _aÍndice. | ||
| 651 | 7 |
_aEspaña- _xHistoria- _y1975-1982, Transición. _9149272 |
|
| 852 |
_aES-MaACL _j2297-F-49 |
||
| 999 |
_c180277 _d180277 |
||